000 00494nam a22001817a 4500
003 MPLRDC
005 20220104200123.0
008 210129b ||||| |||| 00| 0 eng d
020 _a978-7-80763-536-9
082 _a415.943 HZW
100 _a韩镇圭 HAN JIN-KYU
245 _a睡眠书
_c李学权 译
250 _a初版一刷
260 _a中国
_b广西科学技术出版社
_c2010
300 _b
650 _a睡眠失调,失眠症,睡眠障碍
942 _cBK
_o415.943 HZW
999 _c66538
_d66528